000 00313 a2200145 4500
001 60011
020 _a9783126757621
040 _cAnchieta - Pituba
240 1 0 _aWir A2
_lpor
245 1 0 _aWir A2
300 _a88
362 0 _a2011
650 4 _aLínguas germânicas (teutônicas) língua alemã
942 _cBK
999 _c60011
_d60011